Записки о добрых деяниях и благородных сердцах: [Средневековая корейская проза]; пер. с корейского и ханмуна

Bibliografiske detaljer
Andre forfattere: Рачков Г. Е. Геннадий Евгеньевич (составитель), Троцевич А. (автор предисловия)
Sprog:russisk
Udgivet: Ленинград, Художественная литература, 1985
Fag:
Format: MixedMaterials Bog
KOHA link:https://koha.lib.tpu.ru/cgi-bin/koha/opac-detail.pl?biblionumber=139189

MARC

LEADER 00000nam0a2200000 4500
001 139189
005 20231101220802.0
020 |a RU  |b 85-26016 
035 |a (RuTPU)RU\TPU\book\150796 
090 |a 139189 
100 |a 20080604d1985 m y0rusy5003 ca 
101 1 |a rus  |c kor 
102 |a RU 
105 |a a z 000ay 
200 1 |a Записки о добрых деяниях и благородных сердцах  |e [Средневековая корейская проза]  |e пер. с корейского и ханмуна  |f сост. Г. Е. Рачков ; авт. предисл. А. Троцевич 
210 |a Ленинград  |c Художественная литература  |c Ленингр. отд-ние  |d 1985 
215 |a 463 с.  |c ил.  |d 21 см 
606 1 |a Корейская литература  |2 stltpush  |3 (RuTPU)RU\TPU\subj\15696  |9 41914 
610 1 |a корейская художественная литература 
610 1 |a средневековая литература 
610 1 |a новеллы 
610 1 |a повести 
610 1 |a романы 
675 |a 895.7  |v 3 
702 1 |a Рачков  |b Г. Е.  |g Геннадий Евгеньевич  |4 220 
702 1 |a Троцевич  |b А.  |4 080 
801 0 |a RU  |b RuMRKP  |c 19950704  |g psbo 
801 1 |a RU  |b 63413507  |c 20080604  |g PSBO 
801 2 |a RU  |b 63413507  |c 20220404  |g PSBO 
942 |c BK